Vyhodnocovanie použiteľnosti aplikácií pomocou sledovania pohľadu
Guardado en:
| Autor principal: | |
|---|---|
| Otros Autores: | |
| Formato: | Manuscrito Libro |
| Lenguaje: | eslovaco |
| Publicado: |
2016
|
| Materias: | |
| Acceso en línea: | http://is.stuba.sk/zp/portal_zp.pl?podrobnosti=119268 |
| Etiquetas: |
Sin Etiquetas, Sea el primero en etiquetar este registro!
|
MARC
| LEADER | 00000ntm a22000003a 4500 | ||
|---|---|---|---|
| 001 | stuzp58931 | ||
| 003 | SK-STU | ||
| 005 | 20160719155717.4 | ||
| 007 | ta | ||
| 008 | 150427s2015----xo-----f-mn---000-0-slo-d | ||
| 040 | |a STU |b slo | ||
| 041 | 0 | |a slo | |
| 100 | 1 | |a Ľalík, Vladimír |u 070200 |4 aut |U FIIT Fakulta informatiky a informačných technológií |T FIIT Ústav informatiky, informačných systémov a softvérového inžinierstva |X 76756 |U I200 |Y 179 |7 76756 | |
| 242 | 0 | 1 | |a Evaluation of Application Usability Using Gaze Tracking |y eng |
| 245 | 1 | 0 | |a Vyhodnocovanie použiteľnosti aplikácií pomocou sledovania pohľadu |
| 260 | |c 2016 | ||
| 650 | 4 | |a testovanie použiteľnosti |2 slo | |
| 650 | 4 | |a webové aplikácie |2 slo | |
| 650 | 4 | |a sledovanie pohľadu |2 slo | |
| 650 | 4 | |a eye tracking |2 eng | |
| 650 | 4 | |a usability testing |2 eng | |
| 650 | 4 | |a web applications |2 eng | |
| 700 | 1 | |a Šimko, Jakub |u 070200 |k Z1 |4 ths |U FIIT Fakulta informatiky a informačných technológií |T FIIT Ústav informatiky, informačných systémov a softvérového inžinierstva |X 17040 |U I200 |Y 179 |7 A000017040 | |
| 856 | 4 | |u http://is.stuba.sk/zp/portal_zp.pl?podrobnosti=119268 | |
| 996 | |b 8255 |c I* DIP 79/2016 |l II680 |s P |a 0 |w stuzp58931_0001 | ||
| SQL | |a stuzp58931 |b DDP |c SLO |d Vyhodnocovanie použiteľnosti aplikácií pomocou sledovania pohľadu |e 76756 |f Ľalík, Vladimír |g 070200 |h 17040 |i Šimko, Jakub |j 20160613 |k 211 |l 07 |m http://is.stuba.sk/zp/portal_zp.pl?podrobnosti=119268 |n I-SI2 |o 9.2.5. softvérové inžinierstvo | ||